Name that Language - Europe - Statistics

General Stats
  • This quiz has been taken 128 times
  • The average score is 14 of 20
Answer Stats
Hint Answer % Correct
Regarde ça, c'est un mouton French
99%
Sieh dir das an, es ist ein Schaf German
95%
Mira eso, es una oveja Spanish
95%
Посмотрите на это, это овца Russian
93%
Guarda che è una pecora Italian
91%
Κοιτάξτε αυτό, είναι πρόβατα Greek
86%
Olha isso, é uma ovelha Portuguese
79%
Spójrz na to, to owca Polish
78%
Kijk dat, het is een schaap Dutch
77%
Titta på det, det är ett får Swedish
72%
Подивіться на це, це овечка Ukrainian
70%
Féach air sin, is caoirigh é Irish
67%
Se på det, det er et får Danish
61%
Se på det, det er en sau Norwegian
60%
Погледај то, то је овца Serbo-Croatian
58%
Podívej, to je ovce Czech
56%
Nézd, ez egy juh Hungarian
54%
Uită-te la asta, este o oaie Romanian
54%
Mireu això, és una ovella Catalan
51%
Paskaties, ka tā ir aita Latvian
34%
No matching quizzes found
Score Distribution
Percent of People with Each Score
Percentile by Number Answered
Your Score History
You have not taken this quiz